Physics for computer science students: with emphasis on atomic and semiconductor physics
Uloženo v:
| Hlavní autoři: | , |
|---|---|
| Médium: | Kniha |
| Jazyk: | angličtina |
| Vydáno: |
Nueva York
Wiley
1986
|
| Témata: | |
| Tagy: |
Přidat tag
Žádné tagy, Buďte první, kdo vytvoří štítek k tomuto záznamu!
|
MARC
| LEADER | 00000nam a2200000 a 4500 | ||
|---|---|---|---|
| 001 | UCX0798 | ||
| 003 | CL-VaPUC | ||
| 008 | 900319e19860000US |||||||||||||||||eng|d | ||
| 082 | 0 | 4 | |a 530 |b GAR |2 21 |
| 100 | |a García, Narciso |e author |9 567615 | ||
| 700 | 0 | |a Damask, Arthur C |e author |9 316193 | |
| 245 | 1 | 0 | |a Physics for computer science students: with emphasis on atomic and semiconductor physics |
| 300 | |a 528 p | ||
| 942 | |c BK | ||
| 945 | |d 19900319 00:00:00 | ||
| 260 | |a Nueva York |b Wiley |c 1986 | ||
| 650 | 0 | |a Física |9 227844 | |
| 650 | 0 | |a Computadores |9 258188 | |
| 583 | |a last modification |c 19900319 00:00:00 |k Rodrigo Vera | ||
| 999 | |c 222257 |d 222255 | ||